| 000 | 00367 a2200169 4500 | ||
|---|---|---|---|
| 001 | 187232 | ||
| 020 | _a978-85-209-1977-4 | ||
| 040 | _cMagnum | ||
| 100 | _aRosa, Joao Guimaraes | ||
| 240 | 1 | 0 |
_aO recado do morro _lpor |
| 245 | 1 | 0 | _aO recado do morro |
| 300 | _a137 | ||
| 362 | 0 | _a2007 | |
| 440 | 1 | _aNova Fronteira | |
| 697 | _aLITERATURA GERAL | ||
| 942 | _cBK | ||
| 999 |
_c187232 _d187232 |
||